Healthcare research : (رقم التسجيلة. 21756)
[ عرض عادي ]
| 000 -الفاتح | |
|---|---|
| حقل البيانات ثابتة الطول | 01542cam a22003618a 4500 |
| 001 - رقم الضبط | |
| رقم الضبط | 15945574 |
| 003 - محدد رقم الضبط | |
| رقم الضبط | OSt |
| 005 - وقت وتاريخ اخر تعامل مع التسجيلة | |
| رقم الضبط | 20150408114018.0 |
| 008 - عناصر البيانات ثابتة الطول - معلومات عامة | |
| حقل البيانات ثابتة الطول | 091009s2010 enk b 001 0 eng |
| 010 ## - رقم ضبط مكتبة الكونجرس | |
| رقم ضبط مكتبة الكونجرس | 2009041777 |
| 020 ## - الرقم الدولى المعيارى للكتب | |
| الرقم الدولى المعيارى للكتاب | 9780470519325 (pbk. : alk. paper) |
| 035 ## - رقم ضبط النظام | |
| رقم ضبط النظام | (DNLM)101517143 |
| 040 ## - مصدر الفهرسة | |
| وكالة الفهرسة الأصلية | DNLM/DLC |
| وكالة النسخ | DLC |
| 042 ## - رمز التحقق | |
| رمز التحقق | pcc |
| 050 00 - رقم طلب مكتبة الكونجرس | |
| رقم التصنيف | R850 |
| رقم المادة | .H385 2010 |
| 060 10 - رقم الطلب بالمكتبة الطبية الوطنية | |
| رقم التصنيف | W 84.3 |
| رقم المادة | H439 2010 |
| 082 00 - رقم تصنيف ديوى العشرى | |
| رقم التصنيف | 610.72 |
| رقم الطبعة | 22 |
| 245 00 - بيان العنوان | |
| العنوان | Healthcare research : |
| بقية العنوان | a handbook for students and practitioners / |
| بيان المسئوليه,etc | Paula M. Roberts and Helena M. Priest (editors). |
| 260 ## - PUBLICATION, DISTRIBUTION, ETC. (IMPRINT) | |
| مكان الناشر او الموزع | Chichester, West Sussex ; |
| -- | Hoboken : |
| اسم الناشر او الموزع | J. Wiley, |
| تاريخ النشر أو التوزيع | 2010. |
| 263 ## - تاريخ النشر المتوقع | |
| تاريخ النشر المتوقع | 1004 |
| 300 ## - الوصف المادى | |
| التعداد | p. ; |
| أبعاد الوعاء | cm. |
| 504 ## - تبصرة ببليوجرافية | |
| تبصرة ببليوجرافية,الخ | Includes bibliographical references and index. |
| 520 ## - التبصرة الخاصة بالتعليق أو التلخيص | |
| ملخص,الخ | "The authors of the rest of this book will set out what we mean by quality in research in the different contexts in which research is done and from the different theoretical perspectives from which researchers work. I want only to point out here some of the very basic issues that underpin the rest. This book will help clinicians who want this grounding to understand what is going on in research papers"--Provided by publisher. |
| 650 #0 - المدخل الاضافى بالموضوع-مصطلح موضوعى | |
| مصطلح موضوعي أو اسم جغرافي كعنصر مدخل | Medicine |
| التقسيم الفرعي العام | Research. |
| 9 (RLIN) | 11285 |
| 650 #0 - المدخل الاضافى بالموضوع-مصطلح موضوعى | |
| مصطلح موضوعي أو اسم جغرافي كعنصر مدخل | Medical care |
| التقسيم الفرعي العام | Research. |
| 9 (RLIN) | 12175 |
| 650 #0 - المدخل الاضافى بالموضوع-مصطلح موضوعى | |
| مصطلح موضوعي أو اسم جغرافي كعنصر مدخل | Nursing |
| التقسيم الفرعي العام | Research. |
| 650 12 - المدخل الاضافى بالموضوع-مصطلح موضوعى | |
| مصطلح موضوعي أو اسم جغرافي كعنصر مدخل | Health Services Research. |
| 9 (RLIN) | 12176 |
| 650 22 - المدخل الاضافى بالموضوع-مصطلح موضوعى | |
| مصطلح موضوعي أو اسم جغرافي كعنصر مدخل | Research Design. |
| 9 (RLIN) | 11610 |
| 700 1# - المدخل الاضافى - اسم شخصى | |
| الإسم الشخصى | Roberts, Paula M. |
| 9 (RLIN) | 12177 |
| 700 1# - المدخل الاضافى - اسم شخصى | |
| الإسم الشخصى | Priest, Helena. |
| 9 (RLIN) | 12178 |
| 942 ## - عناصر المدخل الإضافي( كوها) | |
| مصدر التصنيف او مخطط الترفيف | Dewey Decimal Classification |
| Koha [default] item type | كتاب |
| حالة الفقد | نموذج السعر الفعال | حالة تلف | ليس للاعارة | رقم الطلب | تاريخ الاكتساب | الموقع الحالي | الباركود | الفرع الرئيسي | Date last seen | نوع المادة فى نظام كوها | مصدر التصنيف او خطة الترفيف | Total Checkouts | Date last checked out |
|---|---|---|---|---|---|---|---|---|---|---|---|---|---|
| 2013-03-10 | 610.72 H E R | 2012-04-29 | المكتبة المركزية بالمجمعة (CL) | 00086268 | المكتبة المركزية بالمجمعة (CL) | 2013-03-10 | كتاب | Dewey Decimal Classification | |||||
| 2013-03-10 | 610.72 H E R | 2012-04-29 | المكتبة المركزية بالمجمعة (CL) | 00085511 | المكتبة المركزية بالمجمعة (CL) | 2013-03-10 | كتاب | Dewey Decimal Classification | |||||
| 2013-03-10 | 610.72 H E R | 2012-05-16 | مكتبة كلية العلوم الطبية التطبيقية بالمجمعة - طالبات (AMF) | 00087419 | مكتبة كلية العلوم الطبية التطبيقية بالمجمعة - طالبات (AMF) | 2013-03-10 | كتاب | Dewey Decimal Classification | |||||
| 2013-03-10 | 610.72 H E R | 2012-05-16 | مكتبة كلية العلوم الطبية التطبيقية بالمجمعة - طالبات (AMF) | 00087420 | مكتبة كلية العلوم الطبية التطبيقية بالمجمعة - طالبات (AMF) | 2013-03-10 | كتاب | Dewey Decimal Classification | 1 | 2013-02-17 |
